000 00217nam a22000857a 4500
008 170624b xxu||||| |||| 00| 0 eng d
100 _93659
_aSirohi. M. S
245 _aGrown with Numbers 3
260 _aNew Delhi
_bAmity
_c2009
999 _c7071
_d7071